00822nam a2200193Ia 4500008004100000041001200041082001200053100003800065245013800103260004100241300000800282365000800290520001400298546001200312630013800324650001400462655001400476730013800490101110s9999 xx 000 0 und d aMARATHI bSR28530 aBodhankar Sudhir , Kanetkar Medha aPaisa, aadhikoshan, rajasva aani aantarrashtriya arthashatra (Money, banking, public finance and international economics) B.A. bhag-2 c2003bShri Sainath Prakashan, Nagpur a256 b150 aEconomics aMARATHI aPaisa, aadhikoshan, rajasva aani aantarrashtriya arthashatra (Money, banking, public finance and international economics) B.A. bhag-2 aEconomics aEconomics aPaisa, aadhikoshan, rajasva aani aantarrashtriya arthashatra (Money, banking, public finance and international economics) B.A. bhag-2